000
00266nam a22001097a 4500
008
170123b xxu||||| |||| 00| 0 eng d
020
_a
9781580400206
041
_a
eng
080
_2
2ND
_a
618.2
245
_a
INTENSIVE DIABETES MANAGEMENT
_c
KELLEY, D.B
942
_2
udc
_c
BK
999
_c
3364
_d
3364